| 000 | 00873cam a2200301 4500 | ||
|---|---|---|---|
| 999 |
_c9967 _d9967 |
||
| 001 | 9967 | ||
| 003 | BD-JhCC | ||
| 005 | 20180403195935.0 | ||
| 008 | 180403s1969 enka b 001 0 eng | ||
| 020 | _a050018092X | ||
| 035 | _a(BD-JhCC)9967 | ||
| 040 |
_aDLC _cDLC _dDLC _dBD-JhCC |
||
| 041 | _aeng | ||
| 050 | 0 | 0 |
_aGT510 _b.L286 |
| 082 | 0 | 0 |
_a391/.009 _bLAV 1969 |
| 100 | 1 |
_aLaver, James, _d1899- |
|
| 245 | 1 | 2 |
_aA concise history of costume / _cJames Laver, |
| 260 |
_aLondon : _bThames & Hudson, _c1969. |
||
| 300 |
_a288 p. _b314 illus. (58 col.) _c22 cm. |
||
| 350 | _a42/- | ||
| 490 | 0 | _a[The World of art library. General] | |
| 500 | _aRev. ed. published as: Costume and fashion. Rev. ed. 1983, c1982. | ||
| 504 | _aBibliography: p. 277. | ||
| 650 | 0 |
_aClothing and dress _xHistory. |
|
| 650 | 0 |
_aFashion _xHistory. |
|
| 942 |
_2ddc _cREF |
||